000 00627nam a2200253 a 4500
003 AR-BaBNM
005 20251128204455.0
008 082120s2002 ||||||||||||||000 | spa||
040 _cAR-BaBNM
100 1 _aGuntenaar, L.
245 0 0 _aBordados y aplicaciones infantiles
260 _aBuenos Aires
_bKapelusz
_c1976
300 _a62 p.
_bláms., il.
490 0 _aCómo hacer
650 4 _aARTESANIAS
650 4 _aBORDADO
650 4 _aTAPICERIA
650 4 _aARTES TEXTILES
650 4 _aEDUCACION ARTISTICA
653 _aMANUALIDADES
700 1 _aWillinck, Ana
_etraductor
942 _cBK
998 _cEnrique
999 _c7565
_d7565